Les Éléments les Moins Devinés avec la Première Lettre - Statistiques

Statistiques générales
  • Ce quiz a été pris 19 fois
  • Le résultat moyen est 7 sur 12
Statistiques - réponses
% Lettre Réponse % Correct
13% D Dubnium
74%
13% F Flérovium
74%
14% H Hassium
74%
12% M Meitnérium
74%
11% O Oganesson
74%
9% N Nihonium
63%
12% R Roentgenium
63%
14% L Livermorium
58%
13% D Dysprosium
47%
12% T Tennessine
47%
14% M Moscovium
42%
14% P Prométhium
42%
Aucun quiz correspondant
Distribution des résultats
% des personnes avec chaque résultat
Percentile par nombre de réponses
Votre historique - résultats
Vous n’avez pas pris ce quiz